Reforming the investment climate lessons for practitioners

Saved in:
Bibliographic Details
Main Author: Kikeri, Sunita
Other Authors: Kenyon, Thomas, Palmade, Vincent
Format: Book
Language:English
Published: Washington, D.C. <The> World Bank 2006
Subjects:
Tags: Add Tag
No Tags, Be the first to tag this record!

MARC

LEADER 00000nam$a2200000$$$4500
001 0048309
005 20240315115627.9
020 |a 0-8213-6837-0 
041 0 |a eng 
044 |a US 
245 1 0 |a Reforming the investment climate  |b lessons for practitioners  |c Sunita Kikeri, Thomas Kenyon, Vincent Palmade 
264 1 |a Washington, D.C.  |b <The> World Bank  |c 2006 
300 |a 111 s. 
610 2 0 |a reformy 
610 2 0 |a politika hospodárska 
610 2 0 |a investície 
610 2 0 |a rast hospodársky 
610 2 0 |a redukcia chudoby 
610 2 0 |a obchod 
610 2 0 |a produkty 
610 2 0 |a riadenie hospodárske 
610 2 0 |a sponzorovanie 
610 2 0 |a politika 
610 2 0 |a koalícia 
610 2 0 |a sektor súkromný 
610 2 0 |a štúdie prípadové 
610 2 0 |a Kolumbia 
610 2 0 |a Lotyšsko 
610 2 0 |a Mexiko 
610 2 0 |a Pakistan 
610 2 0 |a Vietnam 
100 1 |a Kikeri, Sunita 
700 1 |a Kenyon, Thomas 
700 1 |a Palmade, Vincent